Lyrics to 'Más De Lo Que Aposté' by Aitana, Morat - Statistics

General Stats
  • This quiz has been taken 52 times
  • The average score is 248 of 314
Answer Stats
Answer % Correct
A
100%
a
100%
aposté
100%
de
100%
es
100%
la
100%
lo
100%
más"
100%
Más
100%
más
100%
no
100%
No
100%
que
100%
¿qué
100%
Que
100%
te
100%
"te
100%
y
100%
Y
100%
me
88%
Me
88%
88%
mi
88%
88%
88%
Un
88%
un
88%
veces
88%
yo
88%
Yo
88%
con
75%
conozco
75%
contigo
75%
el
75%
en
75%
En
75%
Entre
75%
está
75%
las
75%
los
75%
"nunca
75%
perder
75%
Pero
75%
quiero"
75%
quiero
75%
razón
75%
siempre
75%
Una
75%
una
75%
vas
75%
vuelvo
75%
amor
63%
así
63%
así?
63%
brazos
63%
caer
63%
cambiando
63%
cuando
63%
dejaste
63%
día
63%
dudas
63%
estás
63%
estrellas
63%
juraste
63%
llegaste
63%
luna
63%
mil
63%
míos
63%
mis
63%
ninguna
63%
noches
63%
odio
63%
oscuras
63%
otra
63%
pared
63%
parte
63%
planes
63%
quiere
63%
señales
63%
solo
63%
somos
63%
tantas
63%
tus
63%
vale
63%
veinte
63%
algo
50%
amarte
50%
conformarme
50%
convencida
50%
Dime
50%
distinto
50%
estaba
50%
falló?
50%
gano
50%
instinto
50%
olvido"
50%
otro
50%
Porque
50%
regalaste
50%
Rompes
50%
¿Será
50%
soltar
50%
toda
50%
vida
50%
encuentro
38%
espalda
38%
esperando
38%
justo
38%
medio
38%
mitad
38%
verano
38%
No matching quizzes found
Score Distribution
Percent of People with Each Score
Percentile by Number Answered
Your Score History
You have not taken this quiz